名前に「浜」がつく駅 - Statistics

General Stats
  • This quiz has been taken 120 times
  • The average score is 46 of 132
Answer Stats
Hint Answer % Correct
東海道新幹線東海道本線 浜松
99%
東海道本線東急東横線 他 横浜
96%
山手線京浜東北線 浜松町
95%
東海道新幹線横浜線 他 新横浜
94%
山陰本線 浜田
91%
小浜線 小浜
88%
横須賀線 久里浜
86%
一畑電車大社線 | 伊予鉄道高浜線 | 常磐線 高浜
80%
京急久里浜線 京急久里浜
80%
京葉線 海浜幕張
79%
京阪本線大阪メトロ堺筋線 | 釧網本線 北浜
74%
南武線鶴見線 浜川崎
73%
相鉄本線 西横浜
70%
京葉線 舞浜
64%
南海高師浜線 高師浜
64%
小浜線 美浜
62%
北陸本線 長浜
62%
相鉄新横浜線相鉄・JR直通線 羽沢横浜国大
62%
遠州鉄道線 新浜松
62%
都営新宿線 浜町
60%
京葉線 市川塩浜
59%
内房線 浜野
59%
筑肥線福岡市営地下鉄空港線 姪浜
59%
京阪石山坂本線京阪京津線 びわ湖浜大津
59%
小浜線 東小浜
58%
京葉線 検見川浜
57%
京王井の頭線 浜田山
56%
根室本線 浜中
54%
横浜市営地下鉄ブルーライン 北新横浜
54%
京急本線 追浜
53%
山陰本線 東浜
51%
紀勢本線 白浜
51%
予讃線 新居浜
51%
東京モノレール モノレール浜松町
51%
筑肥線 浜崎
48%
山陽本線岩徳線 櫛ヶ浜
47%
近鉄名古屋線 塩浜
47%
山陰本線 浜坂
46%
京急久里浜線 北久里浜
43%
京急久里浜線 津久井浜
42%
青梅線 牛浜
41%
南海本線 浜寺公園
41%
小浜線 若狭高浜
40%
遠州鉄道線 浜北
40%
大湊線 陸奥横浜
38%
内房線 浜金谷
38%
境線 中浜
38%
名鉄三河線 三河高浜
38%
山陰本線 西浜田
37%
山陽本線 須磨海浜公園
36%
江ノ島電鉄線 七里ヶ浜
36%
阪堺線 浜寺駅前
36%
長崎本線 肥前浜
33%
日高本線 浜厚真
32%
関西本線 富田浜
32%
名鉄知多新線 美浜緑苑
32%
予讃線 八幡浜
30%
常磐線 久ノ浜
28%
予讃線 豊浜
28%
江ノ島電鉄線 由比ヶ浜
28%
東海道本線 片浜
27%
ゆりかもめ お台場海浜公園
27%
武豊線 石浜
26%
名鉄三河線 高浜港
26%
常磐線 浜吉田
25%
呉線 かるが浜
25%
南海本線 粉浜
25%
羽越本線 下浜
23%
山陰本線 浜村
23%
予讃線 伊予長浜
23%
富山地方鉄道富山港線 岩瀬浜
23%
天竜浜名湖鉄道線 浜名湖佐久米
23%
山陽電鉄本線 白浜の宮
23%
釧網本線 浜小清水
22%
羽越本線 上浜
22%
小浜線 東美浜
22%
道南いさりび鉄道線 七重浜
22%
伊豆急行線 今井浜海岸
22%
室蘭本線 虎杖浜
21%
予讃線 三津浜
21%
京都丹後鉄道宮豊線 久美浜
21%
南海本線 二色浜
20%
鹿島臨海鉄道線 長者ヶ浜潮騒はまなす公園前
20%
信越本線 土底浜
17%
山陰本線 戸田小浜
17%
牟岐線 田井ノ浜
17%
のと鉄道七尾線 田鶴浜
17%
三陸鉄道リアス線 | 名鉄三河線 吉浜
16%
天竜浜名湖鉄道線 奥浜名湖
16%
山陽電鉄本線 浜の宮
16%
仙石線 陸前浜田
15%
境線 和田浜
15%
予讃線 多喜浜
15%
予讃線 波止浜
15%
津軽線 津軽浜名
14%
八戸線 陸奥白浜
14%
境線 弓ヶ浜
14%
横浜シーサイドライン 鳥浜
14%
日本海ひすいライン 谷浜
14%
信越本線 上下浜
12%
小浜線 勢浜
12%
三陸鉄道リアス線 恋し浜
12%
一畑電車大社線 浜山公園北口
12%
男鹿線 出戸浜
11%
宇野線 八浜
11%
越後線 荒浜
10%
小野田線 浜河内
10%
京阪石山坂本線 瓦ヶ浜
10%
銚子電鉄線 君ヶ浜
10%
長崎電気軌道 西浜町
10%
長崎電気軌道 浜町アーケード
10%
山陰本線 越ヶ浜
9%
呉線 安芸長浜
9%
南海本線 松ノ浜
9%
南海加太線 二里ヶ浜
9%
ひたちなか海浜鉄道線 美乃浜学園
9%
阪堺線 東粉浜
9%
土佐くろしお鉄道中村線 土佐白浜
9%
三角線 肥後長浜
7%
松浦鉄道 前浜
7%
指宿枕崎線 宮ヶ浜
6%
富山地方鉄道本線 浜加積
6%
八戸線 金浜
5%
八戸線 角の浜
5%
八戸線 侍浜
5%
指宿枕崎線 前之浜
5%
肥薩おれんじ鉄道線 牛ノ浜
2%
土佐くろしお鉄道ごめん・なはり線 唐浜
1%
No matching quizzes found
Score Distribution
Percent of People with Each Score
Percentile by Number Answered
Your Score History
You have not taken this quiz